|
|
|
|
| LEADER |
00702nab a2200181 i 4500 |
| 001 |
misc26934 |
| 005 |
20191111110337.0 |
| 008 |
170919s1967 hu o 0|| zxx d |
| 040 |
|
|
|a SZTE Miscellanea Repozitórium
|b hun
|
| 041 |
|
|
|a zxx
|
| 100 |
1 |
|
|a Bartók István
|
| 245 |
1 |
0 |
|a Cirrhoticus patkánymáj regeratiójának elektronmikroszkópos vizsgálata partialis hepatektomia után
|h [elektronikus dokumentum] /
|c Bartók István
|
| 260 |
|
|
|c 1967
|
| 300 |
|
|
|a 61-74
|
| 490 |
0 |
|
|a Kolligátum
|
| 695 |
|
|
|a Máj - sebészet, Kísérleti állatok, Elektronmikroszkópia - anyagvizsgálat
|
| 700 |
0 |
1 |
|a Virágh Szabolcs
|e aut
|
| 856 |
4 |
0 |
|u http://misc.bibl.u-szeged.hu/26934/1/019_023_061-074.pdf
|z Dokumentum-elérés
|